LEADER 01035nam 2200205zu 450 001 996695438203316 005 20260108110202.0 035 $a(CKB)37912862500041 035 $a(UnM)99839968 035 $a(EXLCZ)9937912862500041 100 $a20250319|1566uuuu || | 101 0 $aeng 135 $aur||||||||||| 200 10$aMedicinable Morall, That Is, The Two Bookes Of Horace His Satyres, Englyshed Accordyng To The Prescription Of Saint Hierome. The Wailyngs Of The Prophet Hieremiah, Done Into Englyshe Verse. Also Epigrammes. T. Drant. Perused And Allowed Accordyng To The Quenes Maiesties Iniunctions 210 $cProQuest, UMI$d1566 700 $aHorace$075513 906 $aBOOK 912 $a996695438203316 996 $aMedicinable Morall, That Is, The Two Bookes Of Horace His Satyres, Englyshed Accordyng To The Prescription Of Saint Hierome. The Wailyngs Of The Prophet Hieremiah, Done Into Englyshe Verse. Also Epigrammes. T. Drant. Perused And Allowed Accordyng To The Quenes Maiesties Iniunctions$94504525 997 $aUNISA